00608 2200229 4500001002100000005001700021008004100038020001800079035002400097090001500121100001800136245004600154250001500200260003100215300002300246500003100269650002700300850001500327980001500342985000600357999001500363YOGYA-0209000000195920090227020504.0 ind  a979-526-232-7 0010-020900000001959 a375bHam K aHamalik, Umar aKurikulum dan pembelajarancOemar Hamalik aEd.1,cet.1 aJakartabBumi Aksarac1995 aix, 185 hlmc21 cm aBibliografi : hlm. 183-185 aPendidikan - Kurikulum aYOPDYOG(B) a10-21-2005 a1 a97P0092985